Mehergarh: (Record no. 549835)
[ view plain ]
| 000 -LEADER | |
|---|---|
| fixed length control field | 00600nam a2200169Ia 4500 |
| 020 ## - INTERNATIONAL STANDARD BOOK NUMBER | |
| International Standard Book Number | 9698125019(hb) |
| 082 ## - DEWEY DECIMAL CLASSIFICATION NUMBER | |
| Classification number | 954.915 |
| Author Mark | HAS |
| -- | L-30, P-212 |
| 100 ## - MAIN ENTRY--PERSONAL NAME | |
| Personal name | Usman Hassan, Mohammad |
| 9 (RLIN) | 46517 |
| 245 ## - TITLE STATEMENT | |
| Title | Mehergarh: |
| Remainder of title | the oldest civilization in South Asia |
| Statement of responsibility, etc. | Usman Hassan, Mohammad |
| 260 ## - PUBLICATION, DISTRIBUTION, ETC. | |
| Place of publication, distribution, etc. | Rawalpindi: |
| Name of publisher, distributor, etc. | Army Education Press, |
| Date of publication, distribution, etc. | 1992 |
| 300 ## - PHYSICAL DESCRIPTION | |
| Extent | 123p. :ill. |
| 526 ## - STUDY PROGRAM INFORMATION NOTE | |
| Program name | 0 |
| Interest level | 0 |
| Reading level | 0 |
| Title point value | 954_915000000000000_HAS |
| 526 ## - STUDY PROGRAM INFORMATION NOTE | |
| Program name | 0 |
| Interest level | 0 |
| Reading level | 0 |
| Title point value | 954_915000000000000_HAS |
| 650 ## - SUBJECT ADDED ENTRY--TOPICAL TERM | |
| Topical term or geographic name entry element | Baluchistan (Pakistan) -- History |
| 9 (RLIN) | 46436 |
| 650 ## - SUBJECT ADDED ENTRY--TOPICAL TERM | |
| Topical term or geographic name entry element | Mehergarh -- Baluchistan (Pakistan) -- History |
| 9 (RLIN) | 46518 |
| 942 ## - ADDED ENTRY ELEMENTS (KOHA) | |
| Source of classification or shelving scheme | |
| Koha item type | Book |
| Withdrawn status | Lost status | Source of classification or shelving scheme | Damaged status | Not for loan | Permanent Location | Current Location | Date acquired | Total Checkouts | Full call number | Barcode | Date last seen | Price effective from | Koha item type |
|---|---|---|---|---|---|---|---|---|---|---|---|---|---|
| Military College of Engineering (MCE) | Military College of Engineering (MCE) | 10/15/2014 | 954.915 HAS | MCE-26820 | 10/15/2014 | 10/15/2014 | Book | ||||||
| Military College of Engineering (MCE) | Military College of Engineering (MCE) | 10/15/2014 | 954.915 HAS | MCE-26832 | 10/15/2014 | 10/15/2014 | Book |
